Guess the YUNGBLUD song with no hints #4 - Statistics

General Stats
  • This quiz has been taken 10 times
    9 since last reset
  • The average score is 170 of 331
Answer Stats
Answer % Correct
I
89%
a
78%
and
78%
be
78%
me
78%
to
78%
To
78%
don't
67%
He
67%
he
67%
So
67%
so
67%
you
67%
You
67%
all
56%
as
56%
bad
56%
Because
56%
How
56%
how
56%
in
56%
it
56%
No,
56%
the
56%
The
56%
They
56%
they
56%
why
56%
would
56%
About
44%
about
44%
adore
44%
anymore
44%
around
44%
black
44%
both
44%
boy
44%
but
44%
But
44%
by
44%
can't
44%
casual
44%
chew
44%
class
44%
clouds
44%
dead
44%
down
44%
dress
44%
drive
44%
drown
44%
face
44%
feel
44%
first
44%
floor
44%
for
44%
forget
44%
friends
44%
front
44%
girls
44%
hands
44%
hate
44%
he'd
44%
her
44%
him
44%
him,
44%
his
44%
hurt
44%
is
44%
Jack
44%
jaw
44%
kissed
44%
laughed
44%
lie
44%
lot
44%
mad
44%
make
44%
Masculinity
44%
misery
44%
nail
44%
never
44%
now
44%
of
44%
off
44%
parking
44%
polish
44%
punched
44%
ran
44%
right
44%
sad
44%
see
44%
seems
44%
sex
44%
She
44%
stairs
44%
tales
44%
taught
44%
tell
44%
that
44%
That
44%
things
44%
Things
44%
Those
44%
threw
44%
time
44%
Told
44%
trembled
44%
Trying
44%
underwear
44%
up
44%
want
44%
was
44%
wept
44%
what
44%
wholesome
44%
will
44%
wish
44%
your
44%
Confessed
33%
cot,
33%
door
33%
erase
33%
expressed
33%
fence
33%
forgot
33%
four
33%
From
33%
grave
33%
Hey
33%
knows
33%
lied,
33%
Lord
33%
Mr.
33%
new
33%
Nicki
33%
not
33%
nothing
33%
out
33%
something
33%
stood
33%
think
33%
tried
33%
twenty
33%
walk
33%
Waltzing
33%
Bawl
22%
he's
22%
No matching quizzes found
Score Distribution
Percent of People with Each Score
Percentile by Number Answered
Your Score History
You have not taken this quiz since the last reset